[Event "Chigorin Memorial 23rd"]
[Site "St Petersburg"]
[Date "2015.10.05"]
[Round "3"]
[White "Smirnov, Mikhail"]
[Black "Sakorenko, Adriana"]
[Result "1-0"]
[WhiteElo "2115"]
[BlackElo "1935"]
[PlyCount "43"]
[EventDate "2015.10.03"]
[EventType "swiss"]
[EventRounds "9"]
[EventCountry "RUS"]
[SourceTitle "CBM 168 Extra"]
[Source "ChessBase"]
[SourceDate "2015.10.29"]
[SourceVersion "1"]
[SourceVersionDate "2015.10.29"]
[SourceQuality "1"]

1. Nf3 c5 2. g3 b6 3. Bg2 Bb7 4. 0-0 e6 5. c4 Nf6 6. Nc3 Be7 7. e3 a6 8. d4 cxd4 9. exd4 Qc8 10. d5 Qxc4 11. d6 Bf8 12. Bf4 Qb4 13. a3 Qc5 14. Na4 Qd5 15. Nxb6 Qxd1 16. Rfxd1 Ra7 17. Be3 Nc6 18. Rac1 g6 19. Nd4 Nd8 20. Nb3 Bxg2 21. Kxg2 Rb7 22. Rc8 1-0

[Event "Chigorin Memorial 23rd"]
[Site "St Petersburg"]
[Date "2015.10.04"]
[Round "2"]
[White "Levin, Evgeny A"]
[Black "Smirnov, Mikhail"]
[Result "1-0"]
[WhiteElo "2508"]
[BlackElo "2115"]
[PlyCount "71"]
[EventDate "2015.10.03"]
[EventType "swiss"]
[EventRounds "9"]
[EventCountry "RUS"]
[SourceTitle "CBM 168 Extra"]
[Source "ChessBase"]
[SourceDate "2015.10.29"]
[SourceVersion "1"]
[SourceVersionDate "2015.10.29"]
[SourceQuality "1"]

1. c4 Nf6 2. Nc3 d5 3. cxd5 Nxd5 4. g3 g6 5. Bg2 Nb6 6. d3 Bg7 7. Be3 c6 8. Qd2 h6 9. Nf3 N8d7 10. 0-0 Nd5 11. Nxd5 cxd5 12. Rac1 e5 13. Qb4 Qe7 14. Qb3 Qe6 15. Qa3 Bf8 16. Qa4 Bd6 17. d4 e4 18. Ne5 Ke7 19. f3 Nb6 20. Qb3 exf3 21. Rxf3 f5 22. Bf4 g5 23. Re3 gxf4 24. Ng6+ Kf6 25. Rxe6+ Bxe6 26. Nxh8 Rxh8 27. gxf4 Bxf4 28. Rf1 Bg5 29. Qg3 Rg8 30. Qe5+ Kf7 31. Kh1 Bf6 32. Qc7+ Kg6 33. Qxb7 Bxd4 34. Qe7 Bf7 35. Rxf5 Rg7 36. Rf3 1-0

[Event "St Petersburg Spring op"]
[Site "St Petersburg"]
[Date "2012.03.22"]
[Round "1"]
[White "Smirnov, Mikhail"]
[Black "Ivanov, Artem"]
[Result "0-1"]
[WhiteElo "2205"]
[BlackElo "1825"]
[PlyCount "132"]
[EventDate "2012.03.22"]
[EventType "swiss"]
[EventRounds "9"]
[EventCountry "RUS"]
[SourceTitle "EXT 2013"]
[Source "ChessBase"]
[SourceDate "2012.11.22"]
[SourceVersion "1"]
[SourceVersionDate "2012.11.22"]
[SourceQuality "1"]

1. e4 e5 2. d4 exd4 3. c3 dxc3 4. Nxc3 Nc6 5. Nf3 d6 6. Bc4 Be6 7. Bxe6 fxe6 8. Qb3 Qd7 9. Qxb7 Rb8 10. Qa6 Be7 11. 0-0 Nf6 12. a3 0-0 13. b4 Ng4 14. Qe2 Nge5 15. Nxe5 Nxe5 16. Be3 Qe8 17. f4 Nc6 18. Rac1 e5 19. Qc4+ Kh8 20. f5 Rc8 21. Nd5 Nd4 22. Bxd4 exd4 23. Qxd4 c5 24. Qe3 Qd8 25. Nxe7 Qxe7 26. bxc5 Rxc5 27. Rxc5 dxc5 28. e5 c4 29. Qd4 Qxa3 30. f6 gxf6 31. exf6 Qd3 32. Qe5 Qg6 33. f7+ Qg7 34. Qc5 Rxf7 35. Re1 h6 36. Qxc4 Qf6 37. Qe2 Qd4+ 38. Kh1 Qf2 39. Qe5+ Qf6 40. Qb8+ Kg7 41. h3 a6 42. Re4 h5 43. Qg3+ Qg6 44. Qe5+ Kh7 45. Rd4 Qf5 46. Qe3 Qb1+ 47. Kh2 Qb8+ 48. g3 Qb2+ 49. Rd2 Qf6 50. h4 Qf5 51. Qe2 a5 52. Qc4 Qf1 53. Qe4+ Qf5 54. Qc6 Qf1 55. Qc2+ Qf5 56. Qd1 Qc5 57. Rd5 Rf2+ 58. Kh3 Qc8+ 59. Rd7+ Kg6 60. Qd6+ Rf6 61. Qe7 Kf5 62. Rc7 Qe6 63. Qh7+ Ke5+ 64. Kh2 Qa2+ 65. Kg1 Qf2+ 66. Kh1 Qf1+ 0-1